Pierce the Veil - entire discography - Statistics

General Stats
  • This quiz has been taken 43 times
  • The average score is 34 of 62
Answer Stats
A Flair for the Dramatic % Correct
Circles
81%
Hold on Till May
78%
Dive In
74%
Floral & Fading
74%
Hell Above
74%
King For a Day
74%
Bulls In The Bronx
70%
Caraphernelia
70%
Chemical Kids and Mechanical Brides
70%
Emergency Contact
70%
I'm Low On Gas and You Need a Jacket
70%
So Far So Fake
70%
Yeah Boy and Doll Face
70%
The Divine Zero
67%
Wonderless
67%
A Match Into Water
63%
Besitos
63%
Drella
63%
Pass the Nirvana
63%
Sambuka
63%
Song for Isabelle
63%
The Boy Who Could Fly
63%
The Jaws of Life
63%
12 Fractures
59%
Currents Convulsive
59%
Diamonds and Why Men Buy Them
59%
Even When I'm Not With You
59%
Texas is Forever
59%
The Cheap Bouquet
59%
Today I Saw the Whole World
59%
Bedless
56%
Disasterology
56%
Gold Medal Ribbon
56%
I Don't Care If You're Contagious
56%
One Hundred Sleepless Nights
56%
Phantom Power and Ludicrous Speed
56%
The Balcony Scene
56%
The First Punch
56%
The Sky Under the Sea
56%
Death of An Executioner
52%
Karma Police
52%
Kiss Me Now
52%
Million Dollar Houses (The Painter)
52%
She Sings in the Morning
52%
Southern Constellations
52%
Stained Glass Eyes and Colorful Tears
52%
Tangled in the Great Escape
52%
Bulletproof Love
48%
Fast Times at Clairemont High
48%
Resilience
48%
Falling Asleep on a Stranger
44%
May These Noises Startle You In Your Sleep Tonight
44%
Props & Mayhem
44%
The New National Anthem
44%
Shared Trauma
41%
Stay Away From my Friends
41%
Damn the Man, Save the Empire
37%
Flawless Execution
37%
Irrational Fears - Interlude
19%
I'd Rather Die Than Become Famous
11%
Coming Clean
7%
Irish Goodbye
4%
No matching quizzes found
Score Distribution
Percent of People with Each Score
Percentile by Number Answered
Your Score History
You have not taken this quiz